<?xml version="1.0" encoding="UTF-8"?>
<marc:record xmlns:marc="http://www.loc.gov/MARC21/slim">
   <marc:leader>00000nam a2200000 a 4500</marc:leader>
   <marc:datafield ind1="1" ind2=" " tag="100">
      <marc:subfield code="a">Fitzpatrick, Huntley</marc:subfield>
      <marc:subfield code="4">aut</marc:subfield>
      <marc:subfield code="e">Verfasser/-in</marc:subfield>
   </marc:datafield>
   <marc:datafield ind1=" " ind2=" " tag="653">
      <marc:subfield code="a">USA</marc:subfield>
   </marc:datafield>
   <marc:datafield ind1=" " ind2=" " tag="653">
      <marc:subfield code="a">Familie</marc:subfield>
   </marc:datafield>
   <marc:datafield ind1=" " ind2=" " tag="653">
      <marc:subfield code="a">Weibliche Jugend</marc:subfield>
   </marc:datafield>
   <marc:datafield ind1=" " ind2=" " tag="653">
      <marc:subfield code="a">Erste Liebe</marc:subfield>
   </marc:datafield>
   <marc:datafield ind1="0" ind2="0" tag="245">
      <marc:subfield code="a">Es duftet nach Sommer</marc:subfield>
   </marc:datafield>
   <marc:datafield ind1="0" ind2="0" tag="245">
      <marc:subfield code="b">Jugendroman ab 14 Jahren</marc:subfield>
   </marc:datafield>
   <marc:datafield ind1=" " ind2="1" tag="264">
      <marc:subfield code="b">cbt</marc:subfield>
      <marc:subfield code="c">2014</marc:subfield>
   </marc:datafield>
   <marc:datafield ind1="1" ind2=" " tag="520">
      <marc:subfield code="a">Klappentext: Die 17-jährige Gwen kann es nicht fassen: Ausgerechnet der größte Fehler ihres Lebens, Cassidy Somers, lässt sich dazu herab, den Sommer über auf ihrer Heimatinsel als Gärtner zu jobben. Anders als Gwen, die befürchtet, sich wie ihre Eltern mit miesen Jobs durch Leben schlagen zu müssen, ist er einer der reichen Kids vom Festland. Doch Gwen träumt davon, dem allen zu entfliehen. Nur was würde das für ihr Leben bedeuten? Gwen verbringt einen berauschenden Sommer auf der Suche nach Antworten darauf, was ihr wirklich wichtig ist, an ihrem Zuhause, den Menschen, die sie liebt und schließlich an sich selbst. Und an Cassidy, der sie in einen verwirrenden Gefühlstaumel zwischen magnetischer Anziehungskraft und köstlicher Unsicherheit stürzt.  Über den Autor und weitere Mitwirkende HUNTLEY FITZPATRICK wuchs in einem kleinen Küstenort in Connecticut auf, der die Vorlage für den Ort Stony Bay in ihrem Debütroman Mein Sommer nebenan lieferte und der genau gegenüber einer Insel wie Seashell liegt. Schon als Kind wollte sie Schriftstellerin werden. Nach dem Universitätsabschluss arbeitete Huntley Fitzpatrick in verschiedenen Berufen, unter anderem in einem akademischen Fachverlag und als Lektorin bei Harlequin. Heute lebt die sechsfache Mutter in Massachusetts und widmet ihre gesamte Zeit dem Schreiben.</marc:subfield>
   </marc:datafield>
   <marc:datafield ind1="3" ind2=" " tag="024">
      <marc:subfield code="a">9783570157503</marc:subfield>
   </marc:datafield>
</marc:record>
